| 000 | 00821nam a2200253Ia 4500 | ||
|---|---|---|---|
| 003 | OSt | ||
| 005 | 20220918171303.0 | ||
| 006 | a|||||r|||| 00| 0 | ||
| 007 | ta | ||
| 008 | 220917b |||||||| |||| 00| 0 eng d | ||
| 020 |
_a9781472430366 (hbk) _cUKP 35.99 |
||
| 024 | _a352,783 | ||
| 037 |
_b8773, 12/02/2020, Efficient Book Distributors _cTextual |
||
| 040 |
_aARTS _cARTS _beng |
||
| 041 |
_2eng _aeng |
||
| 082 | _aW:5, Q5 | ||
| 100 |
_aHepworth Kate Au. _935444 |
||
| 245 | 0 |
_aAt the edge of citizenship _b securities and the constitution of non citizen subjects |
|
| 260 |
_aSurrey _bAshgate England _c2015 |
||
| 300 |
_a139p. _ccm. |
||
| 650 |
_aCITIZENSHIP _935445 |
||
| 942 |
_hW:5, Q5 _cTEXL _2CC |
||
| 999 |
_c138808 _d138808 |
||